| 000 | 01930cam a22004934i 4500 | ||
|---|---|---|---|
| 003 | PE-LiUPU | ||
| 005 | 20250731173315.0 | ||
| 008 | 150625s2003 miua r 001 0 spa d | ||
| 020 | _a0825416965 | ||
| 020 | _a9780825416965 | ||
| 035 | _a(Sirsi) i9780825416965 | ||
| 040 |
_aPE-LiUPU _bspa _cPE-LiUPU _erda |
||
| 041 | 1 |
_aspa _heng |
|
| 049 | _aPRUA | ||
| 082 | 0 | 4 |
_a296.419 _bS83 _221 |
| 100 | 1 |
_aStrong, James, _d1822-1894, _eautor. |
|
| 245 | 1 | 3 |
_aEl tabernáculo de Israel : _bsu estructura y simbolismo / _cJames Strong. |
| 264 | 1 |
_aMichigan : _bPortavoz, _c[2003]. |
|
| 300 |
_a159 páginas : _bilustraciones ; _c24 centímetros |
||
| 336 |
_atext _2rdacontent |
||
| 337 |
_aunmediated _2rdamedia |
||
| 338 |
_avolume _2rdacarrier |
||
| 504 | _aÍndice: páginas 151-159. | ||
| 505 | 0 | _aLa historia del tabernáculo -- La estructura del tabernáculo -- El atrio. -El santuario -- El transporte -- La posición de las tribus -- El lugar santísimo -- Las vestiduras sacerdotales -- El simbolismo del tabernáculo -- El significado de los números -- El simbolismo de los colores -- Aspectos externos de los artículos del tabernáculo -- El decálogo -- Indice de textos de las escrituras. | |
| 526 | _aSEG42 | ||
| 526 | _aSEG41 | ||
| 526 | _aSEG40 | ||
| 526 | _aSEG39 | ||
| 526 | _aP94 | ||
| 526 | _aP87 | ||
| 526 | _aP86 | ||
| 526 | _aP85 | ||
| 526 | _aP77 | ||
| 526 | _aP76 | ||
| 526 | _aP35 | ||
| 534 |
_pTítulo original : _tThe tabernacle of Israel. |
||
| 541 | _g001-0000127; | ||
| 650 | 0 | 4 |
_aTabernáculo. _94245 |
| 910 |
_adbm _bjpc _cjpc _d20190517 |
||
| 942 |
_2ddc _cBOOK |
||
| 994 |
_aC0 _bPEPRU |
||
| 596 | _a1 | ||
| 999 |
_a296.419 S83 _wDEWEY _c45665 _i56418 _d45665 _e2019-7-17 _f2021-11-11 _g5 _lCCODEBUL1 _mBUL _n6 _p9.99 _q10 _r0 _sY _tBOOK _u2015-6-25 _xTEOLOGIA _PP35 _0COMPRA _o.STAFF. Colección Teología |
||
| 980 |
_81 _gALBERTO SANCHEZ Responsable de Automatización |
||